000 00325 a2200145 4500
001 155677
040 _cEscola São Tomás de Aquino
100 _aAZEVEDO, Álvares de
240 1 0 _aÁlvares de Azevedo
_lpor
245 1 0 _aÁlvares de Azevedo
300 _a106
362 0 _a1982
697 _aGENERALIDADES
942 _cBK
999 _c155677
_d155677